[Event "Mondiale Lampo FIDE 2022"]
[Site "Alma Ata"]
[Date "30.12.2022"]
[Round "18.15"]
[White "Dardha, Daniel"]
[Black "Tsydypov, Zhamsaran"]
[Result "1-0"]
[WhiteTitle ""]
[BlackTitle ""]
[WhiteElo "2606"]
[BlackElo "2534"]
[WhiteFideId "240990"]
[BlackFideId "4108566"]
[EventDate "29.12.2022"]

1. d4 Nf6 2. Bg5 Ne4 3. h4 c5 4. dxc5 Qa5+ 5. Nd2 Nxg5 6. hxg5 g6 7. Rh4 Nc6 8.
Rc4 Bg7 9. c3 O-O 10. Ngf3 d5 11. cxd6 exd6 12. e3 Be6 13. Rh4 Rfd8 14. Qa4 Qb6
15. Qb5 Qc7 16. Be2 a6 17. Qd3 d5 18. Qc2 Rac8 19. Kf1 Qe7 20. Qd1 b5 21. a3 Bf5
22. Kg1 Rb8 23. Nb3 Be4 24. Nbd4 Nxd4 25. cxd4 Rdc8 26. Bd3 Bxf3 27. Qxf3 Qxg5
28. g3 Rc7 29. Kg2 Rd7 30. Rc1 Qd8 31. Rc6 Rd6 32. Rc5 Bf8 33. Rc1 Rc8 34. Rxh7
Bg7 35. Rch1 Qg5 36. R7h4 Rf6 37. Qe2 Re6 38. Rf4 Rd8 39. Qf3 Rf6 40. Rc1 Rxf4
41. Qxf4 Qxf4 42. gxf4 Rd6 43. Rc7 Bf6 44. Be2 Kf8 45. Bf3 Be7 46. Rc8+ Bd8 47.
Rc5 Ba5 48. Bxd5 Bd2 49. Rc8+ Kg7 50. Bb3 Rf6 51. Rc2 Be1 52. Kf1 Ba5 53. Ke2
Bb6 54. Kd3 Rd6 55. Ba2 f6 56. Rc8 g5 57. f5 Bd8 58. Be6 g4 59. Ke4 Kh6 60. Kf4
Kh5 61. Rc1 Kh6 62. Kxg4 a5 63. Kf3 a4 64. Rc5 Rb6 65. Ke4 b4 66. Rc8 Be7 67.
Ra8 bxa3 68. bxa3 Bxa3 69. Rxa4 Bb4 70. Ra1 Kg7 71. Ra7+ Kh6 72. Rf7 Be1 73.
Rxf6+ Kg5 74. Rg6+ Kh4 75. f3 Bf2 76. Rg2 Bg3 77. Rxg3 Kxg3 78. d5 1-0

[Event "Mondiale Lampo FIDE 2022"]
[Site "Alma Ata"]
[Date "30.12.2022"]
[Round "18.16"]
[White "Vachier-Lagrave, Maxime"]
[Black "Sanal, Vahap"]
[Result "1-0"]
[WhiteTitle ""]
[BlackTitle ""]
[WhiteElo "2737"]
[BlackElo "2597"]
[WhiteFideId "623539"]
[BlackFideId "6300545"]
[EventDate "29.12.2022"]

1. e4 e5 2. Nf3 Nc6 3. Bb5 a6 4. Ba4 Nf6 5. O-O Be7 6. d3 b5 7. Bb3 d6 8. a3 O-O
9. Nc3 Be6 10. Nd5 Nd4 11. Nxd4 exd4 12. a4 Nxd5 13. Bxd5 Bxd5 14. exd5 Qd7 15.
b3 Bf6 16. Qf3 Rfe8 17. Bd2 Be5 18. g3 f5 19. Kg2 Bf6 20. h4 g6 21. Ra2 h5 22.
Rfa1 Rab8 23. axb5 axb5 24. Ra7 Qf7 25. R1a6 Re5 26. Bf4 Re7 27. Rc6 b4 28. Ra5
Kh7 29. Bd2 Re5 30. Rc4 c5 31. Bf4 Rxd5 32. Rcxc5 Rxc5 33. Rxc5 dxc5 34. Bxb8
Qe6 35. Qb7+ Be7 36. Bf4 Kg8 37. Bg5 Bf8 38. Kf1 Kh8 39. Qa8 Kg8 40. Bh6 Qe7 41.
Kg2 Qd6 42. Kf3 Kf7 43. Qxf8+ Qxf8 44. Bxf8 Kxf8 45. Kf4 Ke7 46. Ke5 f4 47. Kxf4
Kf6 1-0

[Event "Mondiale Lampo FIDE 2022"]
[Site "Alma Ata"]
[Date "30.12.2022"]
[Round "18.17"]
[White "Moussard, Jules"]
[Black "Matlakov, Maxim"]
[Result "1/2-1/2"]
[WhiteTitle ""]
[BlackTitle ""]
[WhiteElo "2684"]
[BlackElo "2662"]
[WhiteFideId "642908"]
[BlackFideId "4168003"]
[EventDate "29.12.2022"]

1. e4 e5 2. Nf3 Nc6 3. Bc4 Nf6 4. d3 Bc5 5. Nc3 a6 6. a4 d6 7. O-O Be6 8. Bxe6
fxe6 9. Be3 Bxe3 10. fxe3 O-O 11. Qe2 d5 12. exd5 exd5 13. e4 d4 14. Nd1 Qd6 15.
Nh4 g6 16. Nf2 Qe6 17. Nf3 Nh5 18. g3 a5 19. Nd2 Nf6 20. Nc4 Kg7 21. Kg2 Nd7 22.
Qd2 Nb6 23. Nxb6 cxb6 24. h3 h5 25. h4 Rf6 26. Nh3 Raf8 27. Rxf6 Rxf6 28. Qe2
Nb4 29. c3 Nc6 30. Ng5 Qd6 31. Rf1 Rxf1 32. Qxf1 Qf6 33. Qd1 dxc3 34. bxc3 Qd6
35. Qb3 Nd8 36. Qc4 Qc5 37. Qxc5 bxc5 38. c4 Kf6 39. Kf2 Nc6 40. Ke2 Nd4+ 41.
Kd2 Ke7 42. Nh3 Ke6 43. Ng5+ Ke7 44. Nh3 Ne6 45. Ng1 Nf8 46. Nf3 Nd7 47. Kc3 Kd6
48. Nd2 Nb8 49. Nf1 Nc6 50. Ne3 Nd4 51. Kd2 Nc6 52. Nd5 Nd4 1/2-1/2

[Event "Mondiale Lampo FIDE 2022"]
[Site "Alma Ata"]
[Date "30.12.2022"]
[Round "18.18"]
[White "Sargsyan, Shant"]
[Black "Svane, Rasmus"]
[Result "1/2-1/2"]
[WhiteTitle ""]
[BlackTitle ""]
[WhiteElo "2645"]
[BlackElo "2622"]
[WhiteFideId "13306766"]
[BlackFideId "4657101"]
[EventDate "29.12.2022"]

1. d4 Nf6 2. c4 e6 3. Nf3 d5 4. Nc3 c5 5. cxd5 cxd4 6. Qxd4 exd5 7. e4 dxe4 8.
Qxd8+ Kxd8 9. Ng5 Be6 10. a3 Nbd7 11. Bf4 Be7 12. Rd1 Bb3 13. Rd2 a6 14. Be2 Rc8
15. O-O Ke8 16. Ngxe4 Nxe4 17. Nxe4 Nc5 18. Nxc5 Rxc5 19. Bf3 g5 20. Be3 Rb5 21.
Re1 Rg8 22. Bd4 Rg6 23. Bc3 Re6 24. Rxe6 Bxe6 25. h3 f5 26. b4 g4 27. hxg4 fxg4
28. Be4 h5 29. Bd3 Rd5 30. Bg6+ Kd7 31. Rxd5+ Bxd5 32. Bxh5 Be6 33. f3 gxf3 34.
Bxf3 b6 35. g4 a5 36. Kg2 axb4 37. axb4 Kd6 38. Kg3 Bg5 39. Be4 Bc4 40. Kf3 Bb3
41. Bd4 b5 42. Bd3 Bd5+ 43. Kg3 Bc4 44. Bxc4 bxc4 45. Bc3 Kc6 46. Kf3 Kb5 47.
Ke4 Be7 48. Ke3 Bxb4 49. Bxb4 Kxb4 50. Kd2 Kc5 51. g5 Kd5 52. g6 Ke6 53. Kc3 Kf6
54. Kxc4 Kxg6 1/2-1/2

[Event "Mondiale Lampo FIDE 2022"]
[Site "Alma Ata"]
[Date "30.12.2022"]
[Round "18.19"]
[White "Abdusattorov, Nodirbek"]
[Black "Petrosian, Tigran L."]
[Result "1-0"]
[WhiteTitle ""]
[BlackTitle ""]
[WhiteElo "2713"]
[BlackElo "2551"]
[WhiteFideId "14204118"]
[BlackFideId "13301616"]
[EventDate "29.12.2022"]

1. c4 d6 2. Nc3 e5 3. g3 Nf6 4. Bg2 Be7 5. Nf3 O-O 6. O-O c6 7. d3 h6 8. b4 Be6
9. b5 Nbd7 10. Rb1 d5 11. Nd2 d4 12. Na4 Qc7 13. bxc6 bxc6 14. Nb3 Rab8 15. Bd2
Bf5 16. Qc2 Rfe8 17. Na5 e4 18. Rxb8 Rxb8 19. dxe4 Bg6 20. Nb3 c5 21. Nb2 Re8
22. f3 Bd6 23. Nd3 h5 24. Bg5 Nh7 25. Bf4 h4 26. Qd2 hxg3 27. hxg3 Nhf6 28. Bxd6
Qxd6 29. Qf4 Qa6 30. Qd2 Qd6 31. Qe1 Nh5 32. g4 Nf4 33. Qd2 Nxg2 34. Kxg2 f6 35.
Qf4 Qc6 36. Kf2 Bf7 37. Nd2 Ne5 38. Rh1 Bxc4 39. Nxc4 Nxc4 40. Qf5 Ne3 41. Qxc5
Qxc5 42. Nxc5 Rc8 43. Nb3 Nc2 44. Rc1 Rc6 45. a3 Kf7 46. Na1 d3 47. exd3 Nd4 48.
Rxc6 Nxc6 49. Nc2 g5 50. d4 Ne7 51. d5 Ng6 52. Ke3 Ke7 53. Nb4 Kd6 54. Nd3 Nh4
55. Nb2 Kc5 56. Nd3+ Kd6 57. f4 gxf4+ 58. Kxf4 a5 59. a4 Ke7 60. e5 fxe5+ 61.
Kxe5 Nf3+ 62. Ke4 Nd2+ 63. Kd4 Kd6 64. Nf4 Nf3+ 65. Ke4 Nd2+ 66. Kf5 Nb3 67. g5
Nc5 68. g6 Ke7 69. d6+ Kf8 70. Ne6+ 1-0

[Event "Mondiale Lampo FIDE 2022"]
[Site "Alma Ata"]
[Date "30.12.2022"]
[Round "18.20"]
[White "Riazantsev, Alexander"]
[Black "Zhigalko, Sergei"]
[Result "1-0"]
[WhiteTitle ""]
[BlackTitle ""]
[WhiteElo "2626"]
[BlackElo "2572"]
[WhiteFideId "4125029"]
[BlackFideId "13502956"]
[EventDate "29.12.2022"]

1. d4 Nf6 2. Nf3 e6 3. Bg5 h6 4. Bh4 b6 5. e3 Bb7 6. Nbd2 Be7 7. c3 d6 8. Bd3
Nbd7 9. h3 c5 10. Qe2 a6 11. a4 O-O 12. O-O Nh5 13. Bxe7 Qxe7 14. b4 Rfc8 15.
Rfb1 cxd4 16. cxd4 Nhf6 17. e4 Ne8 18. Rc1 Rxc1+ 19. Rxc1 d5 20. exd5 Bxd5 21.
Rb1 a5 22. bxa5 bxa5 23. Nc4 Nd6 24. Ne3 Nf6 25. Ne5 Qc7 1-0

[Event "Mondiale Lampo FIDE 2022"]
[Site "Alma Ata"]
[Date "30.12.2022"]
[Round "18.21"]
[White "Ponkratov, Pavel"]
[Black "Mamedov, Rauf"]
[Result "1/2-1/2"]
[WhiteTitle ""]
[BlackTitle ""]
[WhiteElo "2577"]
[BlackElo "2646"]
[WhiteFideId "4157800"]
[BlackFideId "13401653"]
[EventDate "29.12.2022"]

1. e4 c5 2. Nf3 Nc6 3. d4 cxd4 4. Nxd4 Nf6 5. Nc3 e5 6. Ndb5 d6 7. Bg5 a6 8. Na3
b5 9. Nd5 Be7 10. Nxe7 Qxe7 11. c4 b4 12. Nc2 O-O 13. Bd3 h6 14. Bh4 Be6 15. O-O
a5 16. f3 a4 17. Kh1 b3 18. Ne3 Nd4 19. a3 Rac8 20. Rc1 Rfe8 21. Qe1 Rc5 22. Rf2
Rec8 23. Rd2 g5 24. Bf2 Nh5 25. Bf1 Qf6 26. Ng4 Bxg4 27. fxg4 Nf4 28. Bxd4 exd4
29. Qf2 Qe6 30. Rxd4 Qe5 31. Rcd1 R5c6 32. R4d2 Qe7 33. Qe3 Ng6 34. h3 Ne5 35.
Qf2 Qe6 36. Qf5 Qxf5 37. exf5 Nxc4 38. Bxc4 Rxc4 39. Rxd6 Rc2 40. Ra6 Rxb2 41.
Rxa4 Rcc2 42. Rg1 Ra2 43. Rb4 Rxa3 44. Rb1 Raa2 45. R4xb3 Rxg2 46. Rf3 Kg7 47.
Re1 h5 48. gxh5 Kh6 49. Rd3 Kxh5 50. Rd7 Rh2+ 51. Kg1 Rag2+ 52. Kf1 Rf2+ 53. Kg1
Rfg2+ 54. Kf1 Kh4 55. Rxf7 Rf2+ 56. Kg1 Rhg2+ 57. Kh1 Kxh3 58. Rh7+ Kg4 59. f6
Rg3 60. f7 Rf4 61. Rg1 1/2-1/2

[Event "Mondiale Lampo FIDE 2022"]
[Site "Alma Ata"]
[Date "30.12.2022"]
[Round "18.22"]
[White "Makhnev, Denis"]
[Black "Bluebaum, Matthias"]
[Result "1-0"]
[WhiteTitle ""]
[BlackTitle ""]
[WhiteElo "2481"]
[BlackElo "2657"]
[WhiteFideId "13707647"]
[BlackFideId "24651516"]
[EventDate "29.12.2022"]

1. d4 d5 2. Nf3 e6 3. c4 Nf6 4. Nc3 Bb4 5. Qa4+ Nc6 6. e3 O-O 7. Qc2 Ne7 8. Bd2
c5 9. a3 Bxc3 10. Bxc3 cxd4 11. Bxd4 Bd7 12. Bxf6 gxf6 13. cxd5 Nxd5 14. Bd3 Kg7
15. O-O Rc8 16. Qe2 Qb6 17. Rfd1 Rfd8 18. h3 Ba4 19. Rd2 Ne7 20. Nd4 Ng6 21. Be4
f5 22. Bf3 Rd6 23. b3 Be8 24. Rad1 Rcd8 25. Qc4 Kg8 26. Qc3 R8d7 27. Bxb7 Rxd4
28. Rxd4 Qxb7 29. Rxd7 Bxd7 30. Qf6 Be8 31. Rd8 Kf8 32. h4 h5 33. b4 a6 34. Qd4
Qe7 35. Ra8 e5 36. Qd1 Kg7 37. Qxh5 Bc6 38. Rxa6 Bxg2 39. Qg5 Qb7 40. Rxg6+ fxg6
41. Qxg2 Qa6 42. h5 Qxa3 43. Qxg6+ Kh8 44. Qh6+ Kg8 45. Qe6+ Kg7 46. Qxe5+ Kh6
47. Qxf5 Qc1+ 48. Kg2 Qc6+ 49. e4 Qb7 50. Qg6# 1-0

[Event "Mondiale Lampo FIDE 2022"]
[Site "Alma Ata"]
[Date "30.12.2022"]
[Round "18.23"]
[White "Yoo, Christopher Woojin"]
[Black "Shankland, Sam"]
[Result "1-0"]
[WhiteTitle ""]
[BlackTitle ""]
[WhiteElo "2575"]
[BlackElo "2710"]
[WhiteFideId "30909694"]
[BlackFideId "2004887"]
[EventDate "29.12.2022"]

1. Nf3 d5 2. c4 e6 3. g3 Nf6 4. Bg2 Be7 5. O-O O-O 6. d3 c5 7. b3 Nc6 8. e3 b6
9. Bb2 Bb7 10. Nc3 Qd7 11. Qe2 Rad8 12. Rad1 d4 13. exd4 Nxd4 14. Nxd4 Bxg2 15.
Kxg2 cxd4 16. Nb1 Rfe8 17. Nd2 Bc5 18. Nf3 a5 19. Ne5 Qc7 20. f4 Nd7 21. Nf3 e5
22. fxe5 Nxe5 23. Rfe1 Qc6 24. Qe4 Qxe4 25. Rxe4 Nxd3 26. Rxe8+ Rxe8 27. Bxd4
Bxd4 28. Nxd4 Nc5 29. Nb5 h5 30. Kf3 Re6 31. Rd6 Kf8 32. Rxe6 fxe6 33. Ke3 Ke7
34. Nd4 Kd6 35. a3 g6 36. b4 axb4 37. axb4 Na6 38. Nc2 Ke5 39. Kd3 g5 40. Kc3
Ke4 41. Nd4 e5 42. Ne6 g4 43. b5 Nb8 44. Ng7 Kf3 45. Nxh5 e4 46. Nf4 Nd7 47. Kd4
e3 48. Kd5 Nc5 49. Kc6 Na4 50. Kd5 e2 51. Nxe2 Kxe2 52. Ke4 Kf2 53. Kf4 Nb2 54.
Kxg4 Nxc4 55. h4 Ke3 56. h5 Ke4 57. h6 Ne5+ 58. Kg5 Kd5 59. Kf6 Ng4+ 60. Kg7 1-0

[Event "Mondiale Lampo FIDE 2022"]
[Site "Alma Ata"]
[Date "30.12.2022"]
[Round "18.25"]
[White "Murzin, Volodar"]
[Black "Amin, Bassem"]
[Result "0-1"]
[WhiteTitle ""]
[BlackTitle ""]
[WhiteElo "2561"]
[BlackElo "2682"]
[WhiteFideId "44155573"]
[BlackFideId "10601457"]
[EventDate "29.12.2022"]

1. e4 e5 2. Nf3 Nc6 3. Nc3 Nf6 4. d4 exd4 5. Nxd4 Bb4 6. Nxc6 bxc6 7. Bd3 d5 8.
exd5 cxd5 9. O-O O-O 10. Bg5 c6 11. h3 h6 12. Bf4 Re8 13. Qf3 Bd6 14. Rae1 Be6
15. Re2 Qb8 16. Bxh6 Qxb2 17. Nd1 Qxa2 18. Bg5 Ne4 19. Bf4 Bxf4 20. Qxf4 a5 21.
Re3 a4 22. Bxe4 dxe4 23. Nc3 Qxc2 24. Nxe4 Bd5 25. Nf6+ gxf6 26. Rg3+ Kf8 27.
Qxf6 Be6 28. Rg5 Qh7 29. g4 Qxh3 30. Re1 a3 31. Qg7+ Ke7 32. Rxe6+ Kxe6 33. Re5+
Kd6 34. Qf6+ Re6 35. Rxe6+ fxe6 36. Qd4+ Kc7 37. Qg7+ Kb6 38. Qd4+ c5 39. Qd6+
Kb5 40. Qd7+ Kb4 41. Qb7+ Kc3 42. Qxa8 Qxg4+ 43. Kh2 Qh4+ 44. Kg2 Qg5+ 45. Kf1
Qc1+ 46. Kg2 c4 47. Qa4 Kb2 48. Qb4+ Ka1 49. Qb6 c3 50. Qxe6 c2 51. Qe5+ Qb2 0-1

[Event "Mondiale Lampo FIDE 2022"]
[Site "Alma Ata"]
[Date "30.12.2022"]
[Round "18.26"]
[White "Vidit, Santosh Gujrathi"]
[Black "Sychev, Klementy"]
[Result "1-0"]
[WhiteTitle ""]
[BlackTitle ""]
[WhiteElo "2730"]
[BlackElo "2556"]
[WhiteFideId "5029465"]
[BlackFideId "4114060"]
[EventDate "29.12.2022"]

1. Nf3 Nf6 2. c4 e6 3. d4 Bb4+ 4. Bd2 Bxd2+ 5. Qxd2 d5 6. g3 O-O 7. Bg2 c6 8. b3
b6 9. O-O Nbd7 10. Qb2 Bb7 11. Rd1 Rc8 12. Nc3 Qe7 13. Nd2 c5 14. dxc5 Nxc5 15.
cxd5 Nxd5 16. Nxd5 Bxd5 17. Bxd5 exd5 18. Nf3 Rfd8 19. Rac1 h6 20. b4 Ne4 21.
Rxc8 Rxc8 22. Rxd5 Nc3 23. Re5 Qf6 24. Kg2 Qc6 25. Qb3 Qd6 26. Re3 Qf6 27. Ne5
Nb5 28. Qd5 Nd6 29. Rd3 Ne8 30. Rf3 Qe6 31. Qxe6 fxe6 32. Rf7 Rc2 33. Rxa7 Rxe2
34. Nd7 b5 35. Nc5 Nf6 36. h3 e5 37. a4 Rb2 38. a5 Rxb4 39. a6 Rb2 40. Rb7 Ra2
41. Rxb5 e4 42. Kf1 Kh7 43. Rb7 e3 44. fxe3 Nd5 45. e4 Ne3+ 46. Ke1 Rc2 47. Rb3
Nc4 48. Kd1 Ra2 49. Rc3 Ne5 50. Kc1 Ra5 51. Kb2 Rxc5 52. Rxc5 Nd3+ 53. Kb1 1-0

[Event "Mondiale Lampo FIDE 2022"]
[Site "Alma Ata"]
[Date "30.12.2022"]
[Round "18.27"]
[White "Pantsulaia, Levan"]
[Black "Van Foreest, Jorden"]
[Result "1-0"]
[WhiteTitle ""]
[BlackTitle ""]
[WhiteElo "2597"]
[BlackElo "2690"]
[WhiteFideId "13602071"]
[BlackFideId "1039784"]
[EventDate "29.12.2022"]

1. Nf3 d5 2. c4 e6 3. g3 d4 4. Bg2 c5 5. e3 Nc6 6. exd4 cxd4 7. O-O Nf6 8. d3 h6
9. Na3 Be7 10. Re1 O-O 11. Nc2 a5 12. a3 a4 13. Bd2 Re8 14. Bb4 Bd6 15. Rb1 e5
16. Bxd6 Qxd6 17. b4 axb3 18. Rxb3 Nd7 19. Nd2 Nc5 20. Ne4 Nxe4 21. Bxe4 Ra7 22.
Qh5 Bd7 23. Bd5 Re7 24. Reb1 Be6 25. Be4 f6 26. Rb5 Rc7 27. Qe8+ 1-0

[Event "Mondiale Lampo FIDE 2022"]
[Site "Alma Ata"]
[Date "30.12.2022"]
[Round "18.28"]
[White "Kobalia, Mikhail"]
[Black "Yakubboev, Nodirbek"]
[Result "1-0"]
[WhiteTitle ""]
[BlackTitle ""]
[WhiteElo "2577"]
[BlackElo "2647"]
[WhiteFideId "4119150"]
[BlackFideId "14203987"]
[EventDate "29.12.2022"]

1. e4 c5 2. Nf3 Nc6 3. Bb5 e6 4. O-O Nge7 5. Re1 a6 6. Bf1 h6 7. c3 d5 8. exd5
Nxd5 9. d4 Nf6 10. Be3 cxd4 11. Nxd4 Bd7 12. Nd2 Be7 13. Nc4 O-O 14. Nxc6 Bxc6
15. Ne5 Qc7 16. Bf4 Rfd8 17. Qe2 Bd6 18. Nxc6 Qxc6 19. Be3 Bc5 20. Bxc5 Qxc5 21.
Rad1 a5 22. Qb5 Qxb5 23. Bxb5 Kf8 24. Kf1 Ke7 25. Ke2 Nd5 26. g3 g5 27. Bc4 Nb6
28. Bb5 Rac8 29. Rxd8 Rxd8 30. Rd1 Rc8 31. a4 Nd5 32. Kf3 f5 33. Rd4 Rc7 34. h4
Nf6 35. hxg5 hxg5 36. Rd1 Rc5 37. Rh1 g4+ 38. Kg2 Rc7 39. Rh8 Kd6 40. Ra8 b6 41.
Rb8 Nd5 42. c4 Nb4 43. Rxb6+ Ke5 44. Rb8 Kd4 45. Rd8+ Kc5 46. f3 gxf3+ 47. Kxf3
Nc6 48. Bxc6 Rxc6 49. b3 Kb4 50. Rb8+ Kc3 51. Rb5 Rc7 52. Kf4 Rg7 53. Rxa5 Kxb3
54. Re5 Rg4+ 55. Kf3 Rxc4 56. Rxe6 Rxa4 57. Re5 Kc4 58. Rxf5 Ra1 59. g4 Kd4 60.
Kf4 Rf1+ 61. Kg5 Rg1 62. Kh5 Ke4 63. Rf8 Ke5 64. g5 Ke6 65. g6 Ke7 66. Rf3 Ke6
67. Kh6 Kd5 1-0

[Event "Mondiale Lampo FIDE 2022"]
[Site "Alma Ata"]
[Date "30.12.2022"]
[Round "18.29"]
[White "Sadhwani, Raunak"]
[Black "Gareyev, Timur"]
[Result "0-1"]
[WhiteTitle ""]
[BlackTitle ""]
[WhiteElo "2627"]
[BlackElo "2602"]
[WhiteFideId "35093487"]
[BlackFideId "14200937"]
[EventDate "29.12.2022"]

1. e4 e5 2. Nf3 Nc6 3. Bc4 Nf6 4. d3 h6 5. O-O Bc5 6. Nc3 a6 7. a4 d6 8. Be3 O-O
9. Bxc5 dxc5 10. Nd5 Bg4 11. Ne3 Bxf3 12. Qxf3 Nd4 13. Qd1 b5 14. Ba2 c4 15.
dxc4 b4 16. c5 b3 17. Bxb3 Nxb3 18. cxb3 Rb8 19. Qc2 Qd4 20. Rad1 Qxe4 21. Qc3
Rfe8 22. Nc4 Nd5 23. Qg3 Nf4 24. Kh1 Rxb3 25. Ne3 h5 26. h3 Re6 27. Rd8+ Kh7 28.
Rd7 Rf6 29. Re1 Nd3 30. Rf1 Nxf2+ 31. Rxf2 Rxe3 32. Qg5 Rxh3+ 0-1

[Event "Mondiale Lampo FIDE 2022"]
[Site "Alma Ata"]
[Date "30.12.2022"]
[Round "18.30"]
[White "Cheparinov, Ivan"]
[Black "Nguyen, Thai Dai Van"]
[Result "1/2-1/2"]
[WhiteTitle ""]
[BlackTitle ""]
[WhiteElo "2688"]
[BlackElo "2656"]
[WhiteFideId "2905540"]
[BlackFideId "358878"]
[EventDate "29.12.2022"]

1. d4 Nf6 2. c4 e6 3. Nf3 d5 4. g3 Be7 5. Bg2 O-O 6. O-O dxc4 7. Qa4 a6 8. Qxc4
b5 9. Qc2 Bb7 10. Bd2 Ra7 11. Rc1 Be4 12. Qd1 Bxf3 13. Bxf3 Qxd4 14. Be3 Qxd1+
15. Rxd1 c5 16. a4 Rd7 17. Rxd7 Nbxd7 18. axb5 axb5 19. Ra5 Rb8 20. Na3 Ne5 21.
Bf4 Nxf3+ 22. exf3 Rc8 23. Rxb5 Nd5 24. Bd2 c4 25. Nb1 Bf6 26. Nc3 h6 27. Kf1
Rd8 1/2-1/2

[Event "Mondiale Lampo FIDE 2022"]
[Site "Alma Ata"]
[Date "30.12.2022"]
[Round "18.31"]
[White "Chigaev, Maksim"]
[Black "Gelfand, Boris"]
[Result "1/2-1/2"]
[WhiteTitle ""]
[BlackTitle ""]
[WhiteElo "2632"]
[BlackElo "2667"]
[WhiteFideId "4108116"]
[BlackFideId "2805677"]
[EventDate "29.12.2022"]

1. e4 c5 2. Nf3 Nc6 3. Bb5 e6 4. c3 d5 5. d3 Bd7 6. O-O Nf6 7. Re1 Be7 8. Ba4 d4
9. e5 Nd5 10. c4 Nc7 11. Nbd2 O-O 12. Ne4 f5 13. exf6 gxf6 14. a3 a5 15. Bh6 Rf7
16. Ng3 Kh8 17. Nd2 Qg8 18. Qh5 Qg6 19. Nde4 e5 20. Bd2 Ne6 21. Qxg6 hxg6 22. h4
f5 23. Ng5 Bxg5 24. Bxg5 e4 25. Bxc6 Bxc6 26. dxe4 f4 27. Nf1 f3 28. Nd2 fxg2
29. Kxg2 Raf8 30. f3 a4 31. Kg3 b5 32. cxb5 Bxb5 33. e5 Bd3 34. Bf6+ Kh7 35.
Rac1 Rb8 36. Ne4 Bxe4 37. Rxe4 Rxb2 38. Rh1 Rb3 39. Kg4 Rxa3 40. f4 Re3 41. Rxe3
dxe3 42. h5 Nd4 43. Kg5 Nf3+ 44. Kg4 Nd4 45. Kg5 Ne6+ 46. Kg4 Nd4 47. Kg5 1/2-1/2

[Event "Mondiale Lampo FIDE 2022"]
[Site "Alma Ata"]
[Date "30.12.2022"]
[Round "18.32"]
[White "Suleymanli, Aydin"]
[Black "Quparadze, Giga"]
[Result "1-0"]
[WhiteTitle ""]
[BlackTitle ""]
[WhiteElo "2543"]
[BlackElo "2470"]
[WhiteFideId "13413937"]
[BlackFideId "13602250"]
[EventDate "29.12.2022"]

1. d4 Nf6 2. c4 e6 3. Nc3 Bb4 4. e3 O-O 5. Bd3 c5 6. Ne2 cxd4 7. exd4 d5 8. cxd5
exd5 9. O-O Nc6 10. Bf4 Be6 11. Rc1 Rc8 12. a3 Bd6 13. Qd2 Na5 14. Bxd6 Qxd6 15.
Qg5 Nc4 16. Rc2 h6 17. Qg3 Qb6 18. Rfc1 Qd8 19. Nxd5 Bxd5 20. Bxc4 Bxc4 21. Rxc4
Rxc4 22. Rxc4 Re8 23. Qd3 Nd5 24. g3 Qe7 25. Rc2 Qe6 26. Qf3 b6 27. Nc3 Nxc3 28.
Rxc3 Qa2 29. Rc7 Rf8 30. Rxa7 Qxb2 31. d5 Qd4 32. Kg2 g6 33. Rc7 h5 34. h4 Qe5
35. Rc6 Rd8 36. Rxb6 Rxd5 37. Rb8+ Kg7 38. Rb4 Qd6 39. Rf4 Qd7 40. a4 Kg8 41.
Qc3 Qb7 42. Qf3 Qd7 43. Re4 Rf5 44. Qe2 Qb7 45. Kg1 Rc5 46. Qe1 Qc6 47. Re8+ Kh7
48. Qe4 Rc1+ 49. Kg2 Qf6 50. Qe5 Qc6+ 51. Qe4 Qf6 52. Qe5 Qc6+ 53. Qe4 Qf6 54.
Re5 Ra1 55. Rxh5+ Kg7 56. Ra5 Ra2 57. Qf3 Qe6 58. Qc3+ Kh7 59. Ra8 Qe4+ 60. Qf3
Qe6 61. h5 Rc2 62. hxg6+ Qxg6 63. Ra5 Rc4 64. Qh5+ Qxh5 65. Rxh5+ Kg6 66. Rh4
Rc3 67. Rb4 Ra3 68. g4 f5 69. gxf5+ Kxf5 1-0

[Event "Mondiale Lampo FIDE 2022"]
[Site "Alma Ata"]
[Date "30.12.2022"]
[Round "18.33"]
[White "Mamedyarov, Shakhriyar"]
[Black "Tin, Jingyao"]
[Result "1-0"]
[WhiteTitle ""]
[BlackTitle ""]
[WhiteElo "2740"]
[BlackElo "2562"]
[WhiteFideId "13401319"]
[BlackFideId "5804418"]
[EventDate "29.12.2022"]

1. d4 d5 2. c4 c6 3. Nf3 Nf6 4. Qb3 dxc4 5. Qxc4 Bf5 6. g3 e6 7. Bg2 Nbd7 8. O-O
Be7 9. Re1 O-O 10. Nc3 b5 11. Qxc6 b4 12. Nd1 Qa5 13. Nh4 Bg4 14. Qc4 Rac8 15.
Qd3 Rfd8 16. h3 Bh5 17. g4 Ne5 18. Qe3 Nc4 19. Qb3 Rxd4 20. Nf3 Rxd1 21. Rxd1
Bg6 22. Bg5 Nb6 23. Rac1 Re8 24. Be3 Nbd5 25. Bd2 Ne4 26. e3 h5 27. Be1 hxg4 28.
hxg4 Bf6 29. Nd4 Ne7 30. Qxb4 Qg5 31. Qb5 Qxb5 32. Nxb5 Bxb2 33. Bxe4 Bxe4 34.
Nd6 Bxc1 35. Rxc1 Rb8 36. Nxe4 Rb2 37. a3 Nd5 38. Bb4 Nxb4 39. axb4 Rxb4 40. f3
a5 41. Ng5 Rb8 42. Ra1 Ra8 43. Ne4 f5 44. gxf5 exf5 45. Nc5 Kf7 46. Kf2 Ke7 47.
Ra4 Kf6 48. Nb3 Rb8 49. Nxa5 Rb2+ 50. Kg3 Re2 51. Nc4 Rc2 52. f4 g5 53. Ra6+ Ke7
54. Ne5 Rc3 55. fxg5 Rxe3+ 56. Kf4 1-0

[Event "Mondiale Lampo FIDE 2022"]
[Site "Alma Ata"]
[Date "30.12.2022"]
[Round "18.34"]
[White "Jobava, Baadur"]
[Black "Maghsoodloo, Parham"]
[Result "0-1"]
[WhiteTitle ""]
[BlackTitle ""]
[WhiteElo "2578"]
[BlackElo "2719"]
[WhiteFideId "13601520"]
[BlackFideId "12539929"]
[EventDate "29.12.2022"]

1. e4 c5 2. c3 d5 3. exd5 Qxd5 4. d4 g6 5. dxc5 Qxc5 6. g3 Bg7 7. Bg2 Nf6 8. Nf3
O-O 9. O-O Nc6 10. Nbd2 Rd8 11. Qe2 Qh5 12. Re1 Bg4 13. Nf1 e5 14. Ne3 Bh3 15.
Nd2 Bxg2 16. Qxh5 Nxh5 17. Kxg2 f5 18. a4 Nf6 19. Nec4 Nd7 20. Nb3 h6 21. Be3 e4
22. Red1 Nde5 23. Nxe5 Nxe5 24. Rxd8+ Rxd8 25. Bxa7 Nc4 26. Ra2 Rd1 27. a5 g5
28. Nc5 Rd2 29. Kf1 Bxc3 30. Nxb7 f4 31. Ra4 f3 32. Ra1 Rxb2 33. a6 Rc2 34. Rd1
Ra2 35. Rc1 Rxa6 36. Bc5 Ra2 37. h3 Ne5 38. Be3 Ra3 39. Nc5 Nd3 40. Rd1 Nxc5 41.
Bxc5 Ra4 42. Be3 Bf6 43. g4 Ra1 44. Rxa1 Bxa1 45. Ke1 Kf7 46. Kd2 Ke6 47. Bc5
Bg7 48. Ke1 Kd5 49. Ba3 Ke6 50. Kf1 Kf7 51. Bc5 Kg6 52. Be3 h5 53. Kg1 hxg4 54.
hxg4 Be5 55. Kf1 Bf4 56. Bd4 Kf7 57. Bb6 Ke6 58. Bd8 Kd5 59. Bf6 Kc4 60. Bd8 Kd3
61. Bb6 Kc4 62. Ba7 Kd5 63. Bb6 Ke6 64. Bd8 Bd2 65. Bc7 Bb4 66. Bd8 Be7 67. Bb6
Ke5 68. Be3 Kf6 69. Bd4+ Kg6 70. Be3 Bd6 71. Bd4 Bf4 72. Bb6 Kf6 73. Bd8+ Ke5
74. Bc7+ Kd4 75. Bb6+ Kd3 76. Bd8 e3 77. fxe3 Bxe3 78. Be7 Ke4 79. Bd6 Bd4 80.
Bb4 Ke3 81. Bd6 Ke4 82. Bc7 Be3 0-1